System Engineering Deployment / (Record no. 175449)

000 -LEADER
fixed length control field 01273 a2200253 4500
003 - CONTROL NUMBER IDENTIFIER
control field Nust
005 - DATE AND TIME OF LATEST TRANSACTION
control field 20220802112814.0
010 ## - LIBRARY OF CONGRESS CONTROL NUMBER
LC control number 99019953
020 ## - INTERNATIONAL STANDARD BOOK NUMBER
International Standard Book Number 0849378397 (alk. paper)
040 ## - CATALOGING SOURCE
Transcribing agency Nust
082 00 - DEWEY DECIMAL CLASSIFICATION NUMBER
Classification number 620.001171,GRA
100 1# - MAIN ENTRY--PERSONAL NAME
Personal name Grady, Jeffrey O.
9 (RLIN) 2872
245 10 - TITLE STATEMENT
Title System Engineering Deployment /
Statement of responsibility, etc. Jeffrey O. Grady.
260 ## - PUBLICATION, DISTRIBUTION, ETC.
Place of publication, distribution, etc. Boca Raton, Fla :
Name of publisher, distributor, etc. CRC Press,
Date of publication, distribution, etc. 1999.
300 ## - PHYSICAL DESCRIPTION
Extent 456 p. :
Other physical details ill. ;
Dimensions 24 cm.+
Accompanying material 1 computer disk (3 1/2 in.)
440 #0 - SERIES STATEMENT/ADDED ENTRY--TITLE
Title Systems engineering series
9 (RLIN) 2308
505 ## - FORMATTED CONTENTS NOTE
Formatted contents note Introduction (Page-1), The Human Foundation for System Engineering (Page-17), Enterprise Knowledge Requirements and the Functional Organization (Page-31), Enterprise generic Definition and Functional Allocation (Page-43), Functional Organization Charter and Relations (Page-67), Generic Practices Documentation (Page-79), Organizational Structure for Work (Page-87), Program Communications (Page-97), Product System Definition (Page-113), Interface Development in a new World (Page-147).
650 #0 - SUBJECT ADDED ENTRY--TOPICAL TERM
Topical term or geographic name entry element Management.
650 #0 - SUBJECT ADDED ENTRY--TOPICAL TERM
Topical term or geographic name entry element Organization.
9 (RLIN) 4210
650 #0 - SUBJECT ADDED ENTRY--TOPICAL TERM
Topical term or geographic name entry element System analysis.
9 (RLIN) 2233
650 #0 - SUBJECT ADDED ENTRY--TOPICAL TERM
Topical term or geographic name entry element Systems engineering.
856 42 - ELECTRONIC LOCATION AND ACCESS
Materials specified Publisher description
Uniform Resource Identifier <a href="http://www.loc.gov/catdir/enhancements/fy0646/99019953-d.html">http://www.loc.gov/catdir/enhancements/fy0646/99019953-d.html</a>
942 ## - ADDED ENTRY ELEMENTS (KOHA)
Koha item type Reference
Source of classification or shelving scheme
Holdings
Withdrawn status Lost status Source of classification or shelving scheme Damaged status Not for loan Permanent Location Current Location Shelving location Date acquired Full call number Barcode Date last seen Price effective from Koha item type Public note
          Military College of Signals (MCS) Military College of Signals (MCS) Reference 12/12/2016 620.001171,GRA MCS30471 12/08/2016 12/12/2016 Reference Almirah No.20, Shelf No.1
© 2023 Central Library, National University of Sciences and Technology. All Rights Reserved.